German State Flags - Statistics

General Stats
  • This quiz has been taken 103 times
  • The average score is 10 of 16
Answer Stats
Picture Answer % Correct
Bayern
89%
Berlin
80%
Bremen
74%
Hamburg
74%
Sachsen
67%
Baden-Württemberg
61%
Brandenburg
59%
Saarland
59%
Sachsen-Anhalt
59%
Hessen
54%
Niedersachsen
54%
Nordrhein-Westfalen
54%
Rheinland-Pfalz
54%
Thüringen
54%
Mecklenburg-Vorpommern
52%
Schleswig-Holstein
52%
No matching quizzes found
Score Distribution
Percent of People with Each Score
Percentile by Number Answered
Your Score History
You have not taken this quiz